| 000 | 00493nam a2200205 a 4500 | ||
|---|---|---|---|
| 001 | 10907 | ||
| 003 | CO-ViMGA | ||
| 008 | 141112s2004 ck r 000 u spa d | ||
| 020 | _a9580435383 | ||
| 040 |
_aCO-ViMGA _bspa _cCO-ViMGA |
||
| 082 | 0 | 4 | _a813 G869j |
| 100 | 1 |
_aGrisham, John _914966 |
|
| 245 | 1 | 0 | _aEl Jurado |
| 250 | _a1 | ||
| 260 |
_aBogotá, _cEd. Norma, _c1996 |
||
| 300 | _a545 p. | ||
| 490 | _aColección el Dorado | ||
| 650 | 1 | 4 |
_aNOVELA ESTADOUNIDENSE _9761 |
| 942 |
_2ddc _cBK |
||
| 999 |
_c22127 _d22127 |
||